Introduction à la pédagogie (notice n° 1569517)
[ vue normale ]
| 000 -LEADER | |
|---|---|
| fixed length control field | 01223cam a2200133 4500500 |
| 005 - DATE AND TIME OF LATEST TRANSACTION | |
| control field | 20251214010604.0 |
| 041 ## - LANGUAGE CODE | |
| Language code of text/sound track or separate title | fre |
| 042 ## - AUTHENTICATION CODE | |
| Authentication code | dc |
| 100 10 - MAIN ENTRY--PERSONAL NAME | |
| Personal name | Morandi, Franc |
| Relator term | author |
| 245 00 - TITLE STATEMENT | |
| Title | Introduction à la pédagogie |
| 260 ## - PUBLICATION, DISTRIBUTION, ETC. | |
| Name of publisher, distributor, etc. | Armand Colin,<br/> |
| Date of publication, distribution, etc. | 2006.<br/> |
| 520 ## - SUMMARY, ETC. | |
| Summary, etc. | Enseigner, apprendre relèvent d'une logique : la pédagogie. Pourquoi et comment enseigne-t-on ? Et comment apprend-on ? La question pédagogique est au coeur des débats et des pratiques d'aujourd'hui. Outil de compréhension, le présent ouvrage en présente les dimensions principales : l'intention pédagogique et ses origines, les modes de pensée conducteurs des méthodes (transmettre, construire, maîtriser, être autonome) et le système pédagogique où se discutent les pratiques professionnelles et les conditions du travail des élèves. Il propose aux étudiants ainsi qu'à tous ceux qui s'interrogent sur la conduite d'un enseignement et les conditions d'un apprentissage, une mise en perspective et des pistes d'analyse, à partir des concepts et des logiques qui définissent l'activité pédagogique. |
| 856 41 - ELECTRONIC LOCATION AND ACCESS | |
| Uniform Resource Identifier | <a href="https://shs.cairn.info/introduction-a-la-pedagogie--9782200343347?lang=fr&redirect-ssocas=7080">https://shs.cairn.info/introduction-a-la-pedagogie--9782200343347?lang=fr&redirect-ssocas=7080</a> |
Pas d'exemplaire disponible.




Réseaux sociaux